Letters Minefield: US States Quiz Stats

Quiz Updated Jul 27, 2015

Challenge
Share
Tweet
Embed
Score 0/19 Timer 01:00
1 Play Today
% Correct
???
98.4%
???
91.6%
???
89.1%
???
89.1%
???
87.9%
???
87.7%
???
87.4%
???
86.5%
???
86.2%
???
84.8%
% Correct
???
82.9%
???
82.5%
???
82.1%
???
80.3%
???
80%
???
79.4%
???
79.3%
???
78.4%
???
77.3%

You're not logged in!

Compare scores with friends on all Sporcle quizzes.
Sign Up with Email
OR
Log In

Show Comments

Extras

Top Quizzes Today


Score Distribution

Your Account Isn't Verified!

In order to create a playlist on Sporcle, you need to verify the email address you used during registration. Go to your Sporcle Settings to finish the process.